000
00303nam a22001337a 4500
008
171124b xxu||||| |||| 00| 0 eng d
020
_a
9780201704334
041
_a
eng
080
_2
3 ED
_a
004
100
_a
33
101
_a
SHK
245
_a
THE JAVA PROGRAMING LANGUAGE
_c
KEN.A
942
_2
udc
_c
BK
999
_c
38448
_d
38448